|
|
|
|
| LEADER |
01028nab#a2200349#ar4500 |
| 001 |
000080813 |
| 003 |
SVKKK |
| 005 |
20061004104803.0 |
| 008 |
030729c2006 ne e engo |
| FMT |
|
|
|
| 015 |
|
|
|a SNBRB2006/10-xxxxx
|
| 038 |
|
|
|a SVKKK
|
| 040 |
|
|
|a SVKKK
|b slo
|e AACR2
|
| 041 |
0 |
|
|a eng
|b eng
|
| 044 |
|
|
|a ne
|c NL
|
| 080 |
|
|
|a 552.53
|2 1997
|
| 100 |
1 |
|
|a Hoxha, Dashnor
|4 aut
|
| 242 |
1 |
0 |
|a Deformácia prírodnej sadrovcovej horniny: mechanizmy a otázky
|
| 245 |
1 |
0 |
|a Deformation of natural gypsum rock: mechanisms and questions
|c Dashnor Hoxha, Françoise Homand, Christophe Auvray
|
| 300 |
|
|
|b Obr., tab.
|
| 504 |
|
|
|a Bibliogr. odkazy
|
| 504 |
|
|
|a Res. angl.
|
| 650 |
0 |
4 |
|a sadrovec prírodný
|x mechanizmy deformačné
|x vlhkosť relatívna
|
| 700 |
1 |
|
|a Auvray, Christophe
|4 aut
|
| 700 |
1 |
|
|a Homand, Françoise
|4 aut
|
| 773 |
0 |
|
|t Engineering geology
|x 0013-7952
|g Roč. 86, č. 1 (júl 2006), s. 1-17
|
| 958 |
|
|
|a NB
|
| 992 |
|
|
|a RBX
|
| BAS |
|
|
|
| 852 |
|
|
|a SVKKK
|b BIB
|
| EXP |
|
|
|
| 998 |
|
|
|a GEO
|